Miranda Quiz - Statistics

General Stats
  • This quiz has been taken 175 times
  • The average score is 12 of 15
Answer Stats
Question Answer % Correct
Where does Miranda work? A joke shop
100%
Who is Penny? Her mum
100%
What is the name of Gary´s ex girlfriend? Rose
100%
The name of the news reporter? Mike
95%
Where did Chris and Alison get engaged? Paris
90%
Gordon is what? A fruit
85%
What day of the week does the answer machine not understand? Tuesday
85%
What type of dog does Miranda get to impress wallet guy? Chihuahua
80%
What does Miranda say before she falls in to a grave? I wish the ground would swallow me up
80%
What is the name of favourite customer? Nobody knows
80%
What is wallet guys name? Robert Husband
80%
Where does she buy train tickets to? Wick
70%
Does Miranda ever get married to Gary? Yes
60%
What animal is Sheila? Cat
55%
What is the king of all words? Plinth
45%
No matching quizzes found
Score Distribution
Percent of People with Each Score
Percentile by Number Answered
Your Score History
You have not taken this quiz